000 00628nam a2200241Ia 4500
003 OSt
005 20220918205009.0
006 a|||||r|||| 00| 0
007 ta
008 220917b |||||||| |||| 00| 0 eng d
024 _a114,943
037 _cTextual
040 _aARTS
_cARTS
_beng
041 _2eng
_aeng
082 _aV6:2501:N5, J9;K8 (906)
100 _aSithole Ndabaningi
_9113804
245 0 _aAfrican nationalism
250 _a2nd
260 _aNA
_bNA
_c1959
650 _aHISTORY
942 _hV6:2501:N5, J9;K8 (906)
_cTEXL
_2CC
999 _c238273
_d238273